San Marino A-Z - Statistics

General Stats
  • This quiz has been taken 25 times
  • The average score is 11 of 26
Answer Stats
Clue Answer % Correct
I Official language Italian
96%
E Currency Euro
91%
R Form of Government Republic
83%
V The only other country completely surrounded by Italy Vatican City
78%
A San Marino is in this mountain chain Apennines
74%
D Official name Repubblica {di} San Marino
61%
B Son of a pope who conquered San Marino in 1503 Cesare {Borgia}
52%
H The office of the Capitani Reggente is modeled after the consuls of the roman republicIt exists since 1243 and occupies this role within the government {Head} of State
52%
C Municipalities of San Marino Castelli
48%
T Highest mountain 739m/ 2,425ft Monte {Titano}
48%
G In San Marino this pro-imperial group triumphed ca. 1250 over the papal GuelphsThe german name for them is Waiblinger Ghibellines
43%
Q Municipality in the northwest Contains a Q Acquaviva
39%
K One of the most important achievements of the San Marino national football (soccer) team was a 0-0 draw against this eurasian nationContains a K Turkey
39%
L Motto:"Freedom" or "Liberty" "Libertas"
35%
J This pope ended the occupation through #B Name as pope Julius II
35%
M Saint who settled on #T and is believed to be the founder of San MarinoLatin version Marinus
35%
O Common tree Agricultural product Olive
35%
X #B was son of this popeName as pope Contains a X Alexander VI
30%
P Seat of government and parliament Palazzo {Pubblico}
30%
W During the second world war San Marino was occupied by this army Wehrmacht
22%
Y Common shrub Mirto Contains an Y Common {myrtle}
17%
Z National anthemContains a Z {Inno Nazionale} della Repubblica
17%
S Former Currency Still in limited use Scudo
17%
F River Fiumicello
13%
U Last words of #M "I leave you free from both men" Relinquo vos liberos ab {utroque} homine
13%
N Capitano Reggente (April 01 - October 01 2021)The terms are six months and one has to wait 3 years to candidate for another term Marco Nicolini
13%
No matching quizzes found
Score Distribution
Percent of People with Each Score
Percentile by Number Answered
Your Score History
You have not taken this quiz